Capital Cities - Degree of Difficulty 1.0 - Statistics

General Stats
  • This quiz has been taken 163 times
  • The average score is 19 of 20
Answer Stats
country capital % Correct
Greece Athens
99%
Germany Berlin
99%
Brazil Brasilia
99%
Egypt Cairo
99%
France Paris
99%
Austria Vienna
99%
China Beijing
98%
Ireland Dublin
98%
Belgium Brussels
97%
Argentina Buenos Aires
97%
Italy Rome
97%
Japan Tokyo
97%
Australia Canberra
96%
Mexico Mexico City
95%
Norway Oslo
95%
Russia Moscow
94%
Spain Madrid
91%
South Korea Seoul
91%
United Kingdom London
89%
United States Washington
88%
No matching quizzes found
Score Distribution
Percent of People with Each Score
Percentile by Number Answered
Your Score History
You have not taken this quiz